| 000 | 00650nam a2200241Ia 4500 | ||
|---|---|---|---|
| 003 | OSt | ||
| 005 | 20221005133330.0 | ||
| 006 | a|||||r|||| 00| 0 | ||
| 007 | ta | ||
| 008 | 221004b |||||||| |||| 00| 0 eng d | ||
| 024 | _a44365 | ||
| 037 | _cTextual | ||
| 040 |
_aCRL _cCRL _beng |
||
| 041 |
_2eng _aeng |
||
| 082 | _aO164:9, 111F3-;1 | ||
| 100 |
_aKuka Mehrjibhai Nosherwanji _9642389 |
||
| 245 | 0 | _aWit, Humour and fancy of Persia | |
| 260 | _c1923 | ||
| 650 | _a ENGLISH LITERATURE | ||
| 650 | _aIRANIAN LITERATURE | ||
| 942 |
_hO164:9, 111F3-;1 _cTEXL _2cc |
||
| 999 |
_c1066510 _d1066510 |
||